00507nam a22001577a 450000500170000001000130001702000260003003500130005603700240006908200110009324500680010426000330017227000660020530000320027149000460030320191107145819.0 aB-730883 a9788181533371c60.00  aB-730883 adplbRainbow Books  a567.91 aRainbow Illustrated book of questions and answers : Dinosaurs/  aDelhi bRainbow Books c2018 aF-32, Street No.12, Parwana Road, Jagat Puri,bDelhi e110051 a16p.c29cm (pbk)bcol. ill. aIllustrated book of questions and answers